| 000 | 00871nam a22002297a 4500 | ||
|---|---|---|---|
| 005 | 20180614124440.0 | ||
| 010 | _a1718EN-30ENG-122086 B-688820-21 | ||
| 020 |
_a9789385160288 _c695.00 |
||
| 035 | _aEN-105618 | ||
| 035 | _aB-688820-21 | ||
| 037 |
_bBhairavi Pub. _adpl |
||
| 037 | _bDBAD/PUB | ||
| 082 | _a150 | ||
| 245 |
_aHandbook of psychology / _cedited by Harsharan Singh |
||
| 260 |
_c2015 _aNew Delhi _bLenin Media |
||
| 270 |
_a202, 2nd Floor, 4832/24, Prahlad Street, Ansari Road, Darya Ganj, _bNew Delhi _e110002 |
||
| 300 |
_c22cm(Hb) _a312p. |
||
| 500 | _aIncludes bibliographical references and index | ||
| 700 | _aHarsharan Singh | ||
| 942 |
_cEN _2ddc _mHAN _h150 |
||
| 999 |
_c146088 _d146088 |
||